Buddhist Sculptural Art of the Lower Krishna valley/ (Record no. 206183)

MARC details
000 -LEADER
fixed length control field 00666nam a2200193 4500
005 - DATE AND TIME OF LATEST TRANSACTION
control field 20241009104816.0
010 ## - LCCN (DPL NO)
LC control number ENG-141990
020 ## - INTERNATIONAL STANDARD BOOK NUMBER
Terms of availability 2250.00
International Standard Book Number 9789788193205
035 ## - SYSTEM CONTROL NUMBER
System control number EN-125522
037 ## - SOURCE OF ACQUISITION
Source of stock number/acquisition DBAD
082 ## - DEWEY DECIMAL CLASSIFICATION NUMBER
Classification number 709.593
Edition number 1
100 ## - MAIN ENTRY--PERSONAL NAME
Personal name Rao, Vinay Kumar
245 ## - TITLE STATEMENT
Title Buddhist Sculptural Art of the Lower Krishna valley/
Statement of responsibility, etc by Vinay Kumar Rao
260 ## - PUBLICATION, DISTRIBUTION, ETC. (IMPRINT)
Place of publication, distribution, etc Delhi
Name of publisher, distributor, etc Agam Kala Prakashan
Date of publication, distribution, etc 2010
270 ## - ADDRESS
Address 34, Central Market, Ashok Vihar
City Delhi
Postal code 110052
Electronic mail address agambook@gmail.com
Telephone number 27212195
-- 47098550
Fax number agambooks@gmail.com
300 ## - PHYSICAL DESCRIPTION
Extent xii,248p.
Dimensions 28cm(hb)
500 ## - GENERAL NOTE
General note includes references index
942 ## - ADDED ENTRY ELEMENTS (KOHA)
Source of classification or shelving scheme Dewey Decimal Classification
Item type English Books
Classification part 709.593
Call number suffix RAO
Holdings
Withdrawn status Lost status Not for loan Collection code Home library Current library Date acquired Source of acquisition Cost, normal purchase price Full call number Barcode Copy number Cost, replacement price Koha item type
      Non-fiction Central Library Central Library 09/10/2024 Delivery of Books Act Division 2250.00 709.593 RAO EN-125522 1 2250.00 English Books

© Delhi Public Library
Hit Counter
free hit counter